CORPORATE TAX PLANNING & BUSINESS TAX PROCEDURES WITH CASE STUDIES (Record no. 9187)

MARC details
000 -LEADER
fixed length control field 00560nam a22001697a 4500
003 - CONTROL NUMBER IDENTIFIER
control field SGT
020 ## - INTERNATIONAL STANDARD BOOK NUMBER
International Standard Book Number 9789350715208
082 ## - DEWEY DECIMAL CLASSIFICATION NUMBER
Classification number 658.153, SIN
100 ## - MAIN ENTRY--PERSONAL NAME
Personal name DR. SINGHANIA K. VINOD
245 ## - TITLE STATEMENT
Title CORPORATE TAX PLANNING & BUSINESS TAX PROCEDURES WITH CASE STUDIES
250 ## - EDITION STATEMENT
Edition statement 18TH
260 ## - PUBLICATION, DISTRIBUTION, ETC. (IMPRINT)
Place of publication, distribution, etc NEW DELHI
Name of publisher, distributor, etc TAXMANN
Year of Publication 2014
300 ## - PAGE DESCRIPTION
No. of Pages 474
650 ## - SUBJECT ADDED ENTRY--TOPICAL TERM
Topical term or geographic name as entry element TAX INCOME
653 ## - KEYWORDS--INDEX TERM
Keyword term INCOME -TAX LAW IN BRIEF, CORPORATE TAX PLANNING, TAX PLANNING WITH REFERENCE TO SPECIFIC BUSINESS DECISIONS, NON - RESIDENT, BUSINESS RESTRUCTURING,
942 ## - ADDED ENTRY ELEMENTS (KOHA)
Source of classification or shelving scheme Dewey Decimal Classification
Koha item type FCM Books
942 ## - ADDED ENTRY ELEMENTS (KOHA)
-- 2
Holdings
Withdrawn status Lost status Source of classification or shelving scheme Damaged status Not for loan Home library Current library Shelving location Date acquired Vendor Name Cost, normal purchase price SGTU Bill Number Total Checkouts Full call number Accession No. (Barcode) Date last seen Date last borrowed Bill Date Koha item type
    Dewey Decimal Classification     SGT Science & Social Sciences Library SGT Science & Social Sciences Library Text Book 22/06/2016 KIRTI PRAKASHAN 545.00 SGTU 2705 17 658.153, SIN CM837 14/06/2023 12/06/2023 14/08/2015 FCM Books
    Dewey Decimal Classification     SGT Science & Social Sciences Library SGT Science & Social Sciences Library Text Book 22/06/2016 KIRTI PRAKASHAN 545.00 SGTU 2705 22 658.153, SIN CM838 12/07/2022 12/05/2022 14/08/2015 FCM Books
    Dewey Decimal Classification     SGT Science & Social Sciences Library SGT Science & Social Sciences Library Text Book 22/06/2016 KIRTI PRAKASHAN 545.00 SGTU 2705 16 658.153, SIN CM839 02/05/2019 24/04/2019 14/08/2015 FCM Books